000 00270nam a2200097Ia 4500
082 _aJ 597.96 MART
245 0 _aThe world's deadliest snakes
100 _a MARTIN, Michael Mankato, Minn., 2006
_963850
942 _cBK
008 210817s9999 xx 000 0 und d
999 _c202804
_d202801